[Event "World Junior U20 Open 2018"]
[Site "Gebze"]
[Date "2018.09.14"]
[Round "10.55"]
[White "Milosevic, Milos"]
[Black "Daghan, Devran"]
[Result "1-0"]
[WhiteElo "2292"]
[BlackElo "2004"]
[Annotator "NA"]
[PlyCount "65"]
[EventDate "2018.09.05"]
[EventType "swiss"]
[EventCountry "TUR"]
[SourceTitle "playchess.com"]
[Source "ChessBase"]
[SourceQuality "1"]
[TimeControl "40/5400+30:1800+30"]

1. e4 {[%emt 0:00:30]} c5 {[%emt 0:01:30]} 2. Nc3 {[%emt 0:00:30]} Nc6 {[%emt 0:00:30]} 3. Bb5 {[%emt 0:00:30]} g6 {[%emt 0:00:30]} 4. Bxc6 {[%emt 0:00:30]} bxc6 {[%emt 0:00:30]} 5. f4 {[%emt 0:05:30]} Bg7 {[%emt 0:00:30]} 6. Nf3 {[%emt 0:00:30]} Nf6 {[%emt 0:00:30]} 7. O-O {[%emt 0:00:30]} O-O {[%emt 0:00:30]} 8. d3 {[%emt 0:01:30]} d6 {[%emt 0:00:30]} 9. h3 {[%emt 0:01:30] B23: Closed Sicilian: Lines without g3} (9. Kh1 Bg4 10. Qe1 Bxf3 11. Rxf3 Rb8 12. b3 Nd7 13. f5 Ne5 14. Rf1 e6 15. Bd2 Kh8 16. Qg3 Qe7 {½-½ (41) Tiviakov,S (2591)-Lu,S (2640) Paramaribo 2017}) 9... Ne8 {[%emt 0:00:30]} 10. f5 $146 {[%emt 0:03:30]} ({Predecessor:} 10. Be3 Rb8 11. Na4 Qa5 12. c3 Nc7 {½-½ (12) Silva (2367)-Manaenkov,V (2346) ICCF email 2010}) 10... gxf5 {[%emt 0:26:00]} 11. Qe1 {[%emt 0:15:30]} fxe4 {[%emt 0:00:30]} 12. dxe4 {[%emt 0:00:30]} Ba6 {[%emt 0:08:30]} 13. Rf2 {[%emt 0:01:30]} Nc7 {[%emt 0:06:30]} 14. Kh1 {[%emt 0:01:30]} Ne6 {[%emt 0:07:30]} 15. Nh2 {[%emt 0:04:30]} Nd4 {[%emt 0:14:30]} 16. Nd1 {[%emt 0:06:30]} Bc8 {[%emt 0:07:30]} 17. c3 {[%emt 0:00:30]} Qa5 {[%emt 0:03:30]} 18. b4 {[%emt 0:04:30]} cxb4 {[%emt 0:02:30]} 19. cxd4 {[%emt 0:00:30]} Bxd4 {[%emt 0:00:00]} 20. Rb1 {[%emt 0:02:30]} Bxf2 {[%emt 0:09:43]} 21. Qxf2 {[%emt 0:02:30]} Qh5 {[%emt 0:01:32]} 22. Ne3 {[%emt 0:01:30]} a5 {[%emt 0:00:30]} 23. Nhg4 {[%emt 0:01:30]} Bxg4 {[%emt 0:10:39]} 24. Nxg4 {[%emt 0:00:00]} f6 {[%emt 0:00:08]} 25. Rb3 $11 {[%emt 0:06:00]} c5 {[%emt 0:01:12]} 26. Rf3 {[%emt 0:00:30]} c4 {[%emt 0:01:37]} 27. Bh6 {[%emt 0:01:30]} c3 {[%emt 0:00:30]} 28. Rg3 {[%emt 0:02:30]} Kh8 {[%emt 0:00:25]} 29. e5 {[%emt 0:06:30]} dxe5 {[%emt 0:00:38]} 30. Qf3 {[%emt 0:03:30]} c2 {[%emt 0:00:24]} 31. Kh2 {[%emt 0:07:30]} Qxh6 {[%emt 0:01:07]} 32. Nxh6 {[%emt 0:00:30]} c1=Q {[%emt 0:00:00]} 33. Nf7+ {[%emt 0:00:30]} 1-0

[Event "World Junior U20 Open 2018"]
[Site "Gebze"]
[Date "2018.09.14"]
[Round "10.56"]
[White "Silva, David"]
[Black "Garidmagnai, Byambasuren"]
[Result "0-1"]
[WhiteElo "2223"]
[BlackElo "2287"]
[Annotator "NA"]
[PlyCount "94"]
[EventDate "2018.09.05"]
[EventType "swiss"]
[EventCountry "TUR"]
[SourceTitle "playchess.com"]
[Source "ChessBase"]
[SourceQuality "1"]
[TimeControl "40/5400+30:1800+30"]

1. Nf3 Nf6 2. g3 d6 3. d4 b5 {A46: 1 d4 Nf6 2 Nf3 e6: Torre, London and Colle Systems} (3... Nbd7 4. Bg2 e5 5. c4 c6 6. Nc3 e4 7. Nh4 d5 8. O-O Bb4 9. cxd5 cxd5 10. f3 Bxc3 11. bxc3 O-O 12. Ba3 Re8 13. Nf5 Nb6 14. Nd6 Nc4 15. Nxc4 dxc4 16. fxe4 Nxe4 {1-0 (34) Aronian,L (2767)-Grischuk,A (2766) Saint Louis 2018}) 4. Bg2 Bb7 5. O-O Nbd7 6. a4 {[%emt 0:04:00]} b4 {[%emt 0:05:00]} 7. a5 {[%emt 0:00:30]} Rb8 {[%emt 0:00:30]} 8. c4 $146 {[%emt 0:00:30]} ({Predecessor:} 8. c3 e6 9. Qa4 Ba6 10. Re1 Bb5 11. Qc2 {½-½ (81) Sakharov,Y-Katalymov,B Moscow (Russia) 1967}) 8... bxc3 {[%emt 0:04:30]} 9. Nxc3 {[%emt 0:01:30]} e6 {[%emt 0:01:30]} 10. Ne1 {[%emt 0:02:30]} Bxg2 {[%emt 0:01:30]} 11. Nxg2 {[%emt 0:00:30]} d5 {[%emt 0:00:30]} 12. Qd3 {[%emt 0:03:30]} Bb4 {[%emt 0:00:30]} 13. Bf4 {[%emt 0:01:30]} Nh5 {[%emt 0:00:30]} 14. Bd2 {[%emt 0:00:30]} O-O {[%emt 0:00:30]} 15. Na4 {[%emt 0:00:30]} Bd6 {[%emt 0:00:30]} 16. Rfc1 {[%emt 0:00:30]} Nhf6 {[%emt 0:21:00]} 17. Bf4 {[%emt 0:21:30]} Ne4 {[%emt 0:12:30]} 18. Nc3 {[%emt 0:08:30]} Bxf4 {[%emt 0:02:30]} 19. Nxf4 {[%emt 0:06:30]} Nd6 {[%emt 0:00:30]} 20. Na4 {[%emt 0:02:30]} Nc4 {[%emt 0:02:30]} 21. Qc3 {[%emt 0:01:30]} c6 {[%emt 0:03:30]} 22. Nd3 {[%emt 0:02:30]} Nxa5 {[%emt 0:09:30]} 23. Nac5 {[%emt 0:00:00]} Nxc5 {[%emt 0:01:30]} 24. Nxc5 $11 {[%emt 0:00:00]} Nc4 {[%emt 0:00:00]} 25. b3 {[%emt 0:03:30]} Nd6 {[%emt 0:00:00]} 26. e3 {[%emt 0:00:30]} Nb5 {[%emt 0:08:30]} 27. Qa5 {[%emt 0:05:30]} Qd6 {[%emt 0:05:30]} 28. Ra2 {[%emt 0:00:30]} f6 {[%emt 0:01:30]} 29. Rac2 {[%emt 0:00:30]} e5 {[%emt 0:03:30]} 30. Nd3 {[%emt 0:04:30]} Rb6 {[%emt 0:04:30]} 31. dxe5 {[%emt 0:00:30]} fxe5 {[%emt 0:00:00]} 32. Nb4 {[%emt 0:01:30]} Rc8 {[%emt 0:00:00]} 33. Rc5 {[%emt 0:00:30]} Rc7 {[%emt 0:01:30]} 34. Na6 {[%emt 0:02:30]} Rc8 {[%emt 0:02:30]} 35. Nb4 {[%emt 0:00:30]} d4 {[%emt 0:02:30]} 36. Nd5 {[%emt 0:06:30]} Rbb8 {[%emt 0:00:30]} 37. e4 {[%emt 0:00:00]} Kh8 {[%emt 0:05:23]} 38. b4 {[%emt 0:01:00]} d3 {[%emt 0:02:29]} 39. Qa6 {[%emt 0:00:30]} d2 {[%emt 0:00:49]} 40. Rd1 {[%emt 0:05:30]} Nd4 {[%emt 0:00:00]} 41. Nc3 {[%emt 0:01:30]} Rf8 {[%emt 0:04:49]} 42. Kg2 {[%emt 0:01:30]} Rxb4 {[%emt 0:05:30]} 43. Qa5 {[%emt 0:03:30]} Rb2 {[%emt 0:00:30]} 44. Rc4 {[%emt 0:04:30]} Qf6 {[%emt 0:03:30]} 45. f4 {[%emt 0:00:00]} exf4 {[%emt 0:01:30]} 46. e5 {[%emt 0:00:00]} f3+ {[%emt 0:00:30]} 47. Kh1 {[%emt 0:01:30]} Qf5 {[%emt 0:05:30]} 0-1

[Event "World Junior U20 Open 2018"]
[Site "Gebze"]
[Date "2018.09.14"]
[Round "10.57"]
[White "Sezdbekov, Ruslan"]
[Black "Cadilhac, Igor Tokuichi Kikuc"]
[Result "1/2-1/2"]
[WhiteElo "2160"]
[BlackElo "2286"]
[Annotator "ChessBase"]
[PlyCount "182"]
[EventDate "2018.09.05"]
[EventType "swiss"]
[EventCountry "TUR"]
[SourceTitle "playchess.com"]
[Source "ChessBase"]
[SourceQuality "1"]
[TimeControl "40/5400+30:1800+30"]

1. e4 c5 2. Nf3 d6 3. c3 Nf6 4. Be2 g6 5. O-O Bg7 6. Qc2 O-O 7. d4 Qc7 8. h3 cxd4 9. Nxd4 Nc6 10. Be3 d5 {[%emt 0:20:00]} 11. Nb5 {[%emt 0:22:30]} Qb8 {[%emt 0:00:30]} 12. Nd2 {[%emt 0:02:30]} dxe4 {[%emt 0:10:30]} 13. Nxe4 {[%emt 0:00:30]} Nd5 {[%emt 0:01:30]} 14. Bc4 {[%emt 0:06:30]} Nxe3 {[%emt 0:01:30]} 15. fxe3 {[%emt 0:00:30]} Bf5 {[%emt 0:13:30]} 16. Nd4 {[%emt 0:09:30]} Qe5 {[%emt 0:01:30]} 17. Bd3 {[%emt 0:07:30]} Rac8 {[%emt 0:03:30]} 18. a3 {[%emt 0:03:30]} Rfd8 {[%emt 0:21:30]} 19. Kh1 {[%emt 0:02:30]} Bxe4 {[%emt 0:04:30]} 20. Bxe4 {[%emt 0:00:30]} f5 {[%emt 0:02:43]} 21. Bxc6 {[%emt 0:12:30]} bxc6 {[%emt 0:00:09]} 22. Rae1 {[%emt 0:06:30]} Qg3 {[%emt 0:04:50]} 23. Nf3 {[%emt 0:00:30]} Bh6 {[%emt 0:06:18]} 24. e4 {[%emt 0:04:30]} Bf4 {[%emt 0:00:01]} 25. Rd1 {[%emt 0:00:00]} Rf8 {[%emt 0:02:43]} 26. Rd7 {[%emt 0:05:13]} Rc7 {[%emt 0:00:23]} 27. Rdd1 {[%emt 0:03:51]} Kh8 {[%emt 0:00:35]} 28. b4 {[%emt 0:02:11]} Bd6 {[%emt 0:01:05]} 29. Kg1 {[%emt 0:00:55]} c5 {[%emt 0:01:01]} 30. Qd3 {[%emt 0:01:12]} Rcc8 {[%emt 0:01:52]} 31. Rde1 {[%emt 0:01:06]} fxe4 {[%emt 0:01:30]} 32. Rxe4 {[%emt 0:00:14]} Rf4 {[%emt 0:00:10]} 33. Rxf4 {[%emt 0:01:22]} Qxf4 {[%emt 0:00:09]} 34. Re1 {[%emt 0:00:21]} Rf8 {[%emt 0:00:28]} 35. Qe4 {[%emt 0:01:16]} Qg3 {[%emt 0:00:31]} 36. Rd1 {[%emt 0:00:36]} Kg7 {[%emt 0:02:09]} 37. Qe3 {[%emt 0:02:44]} Rf5 {[%emt 0:00:56]} 38. Qe4 {[%emt 0:02:02]} Rf8 {[%emt 0:00:29]} 39. Qe3 {[%emt 0:00:51]} Rf5 {[%emt 0:00:00]} 40. Qe4 {[%emt 0:00:00]} Rf7 {[%emt 0:00:00]} 41. Qe3 {[%emt 0:03:36]} cxb4 {[%emt 0:04:58]} 42. axb4 {[%emt 0:00:30]} Rf4 {[%emt 0:01:30]} 43. Qf2 {[%emt 0:02:30]} Rc4 {[%emt 0:01:30]} 44. Qxg3 {[%emt 0:01:30]} Bxg3 {[%emt 0:00:30]} 45. Rd3 {[%emt 0:01:30]} Rc8 {[%emt 0:08:34]} 46. Kf1 {[%emt 0:00:30]} h5 {[%emt 0:00:30]} 47. Ke2 {[%emt 0:00:30]} h4 {[%emt 0:00:30]} 48. Kd2 {[%emt 0:01:30]} Kf6 {[%emt 0:00:02]} 49. Rd5 {[%emt 0:01:30]} e5 {[%emt 0:01:08]} 50. Ra5 {[%emt 0:00:30]} Rc7 {[%emt 0:03:39]} 51. Kd3 {[%emt 0:03:30]} g5 {[%emt 0:04:35]} 52. b5 {[%emt 0:03:30]} Bf2 {[%emt 0:02:40]} 53. b6 {[%emt 0:02:32]} Bxb6 {[%emt 0:01:20]} 54. Rxe5 {[%emt 0:00:06]} Rg7 {[%emt 0:01:50]} 55. Ke4 {[%emt 0:00:40]} g4 {[%emt 0:01:01]} 56. Rf5+ {[%emt 0:01:49]} Ke7 {[%emt 0:00:12]} 57. Nxh4 {[%emt 0:00:29]} gxh3 {[%emt 0:01:04]} 58. gxh3 {[%emt 0:00:03]} Rg1 {[%emt 0:00:56]} 59. Kd5 {[%emt 0:01:19]} Rd1+ {[%emt 0:02:12]} 60. Kc4 {[%emt 0:00:10]} Ke6 {[%emt 0:00:23]} 61. Rf4 {[%emt 0:00:48]} Rh1 {[%emt 0:00:37]} 62. Nf3 {[%emt 0:00:31]} Bc7 {[%emt 0:00:31]} 63. Re4+ {[%emt 0:01:02]} Kf5 {[%emt 0:00:31]} 64. Re7 {[%emt 0:03:37]} Bb6 {[%emt 0:00:01]} 65. h4 {[%emt 0:00:00]} Rh3 {[%emt 0:01:29]} 66. Nd4+ {[%emt 0:04:54]} Kf6 {[%emt 0:02:38]} 67. Re6+ {[%emt 0:01:00]} Kf7 {[%emt 0:00:11]} 68. Re4 {[%emt 0:00:13]} Ba5 {[%emt 0:00:16]} 69. Rf4+ {[%emt 0:00:52]} Ke8 {[%emt 0:00:10]} 70. Nf3 {[%emt 0:00:18]} Bc7 {[%emt 0:00:30]} 71. Rf5 {[%emt 0:00:16]} Kd7 {[%emt 0:00:48]} 72. Kd5 {[%emt 0:00:38]} Bd8 {[%emt 0:01:17]} 73. h5 {[%emt 0:00:14]} Rh1 {[%emt 0:00:25]} 74. Rf7+ {[%emt 0:04:31]} Ke8 {[%emt 0:00:02]} 75. Rh7 {[%emt 0:00:00]} Bf6 {[%emt 0:00:33]} 76. Ke6 {[%emt 0:01:13]} Bxc3 {[%emt 0:00:27]} 77. Rxa7 {[%emt 0:01:47]} Kf8 {[%emt 0:00:14]} 78. Rc7 {[%emt 0:00:39]} Ba5 {[%emt 0:00:42]} 79. Rc5 {[%emt 0:00:25]} Bb6 {[%emt 0:00:39]} 80. Rg5 {[%emt 0:01:03]} Rf1 {[%emt 0:01:36]} 81. Ne5 {[%emt 0:01:01]} Re1 {[%emt 0:00:11]} 82. Kf5 {[%emt 0:01:11]} Bd4 {[%emt 0:00:15]} 83. Nf3 {[%emt 0:00:27]} Rf1 {[%emt 0:00:30]} 84. Kg4 {[%emt 0:00:00]} Bg7 {[%emt 0:00:26]} 85. Rg6 {[%emt 0:00:39]} Rh1 {[%emt 0:00:42]} 86. Ng5 {[%emt 0:00:21]} Rg1+ {[%emt 0:00:24]} 87. Kf3 {[%emt 0:00:10]} Rf1+ {[%emt 0:00:45]} 88. Kg2 {[%emt 0:00:07]} Rf5 {[%emt 0:00:23]} 89. Ne6+ {[%emt 0:01:28]} Kf7 {[%emt 0:00:04]} 90. Nxg7 {[%emt 0:00:00]} Rxh5 {[%emt 0:00:09]} 91. Rg4 {[%emt 0:00:00]} Rh6 {[%emt 0:00:20]} 1/2-1/2

[Event "World Junior U20 Open 2018"]
[Site "Gebze"]
[Date "2018.09.14"]
[Round "10.58"]
[White "Ongut, Tamas Gunes"]
[Black "Amartuvshin, Ganzorig"]
[Result "0-1"]
[WhiteElo "2121"]
[BlackElo "2280"]
[Annotator "NA"]
[PlyCount "74"]
[EventDate "2018.09.05"]
[EventType "swiss"]
[EventCountry "TUR"]
[SourceTitle "playchess.com"]
[Source "ChessBase"]
[SourceQuality "1"]
[TimeControl "40/5400+30:1800+30"]

1. e4 {[%emt 0:00:30]} c5 {[%emt 0:00:30]} 2. Nf3 {[%emt 0:00:30]} e6 {[%emt 0:00:00]} 3. d4 {[%emt 0:00:30]} cxd4 {[%emt 0:00:00]} 4. Nxd4 {[%emt 0:00:00]} Nc6 {[%emt 0:00:00]} 5. Nc3 {[%emt 0:00:00]} Qc7 {[%emt 0:00:00]} 6. Be3 {[%emt 0:00:30]} a6 {[%emt 0:00:30]} 7. Qf3 {[%emt 0:00:30]} d6 {[%emt 0:00:30]} 8. O-O-O {[%emt 0:00:30]} Bd7 {[%emt 0:00:30]} 9. Qg3 {[%emt 0:02:30]} Nf6 {[%emt 0:02:30]} 10. f3 {[%emt 0:00:30]} Rc8 {[%emt 0:00:30]} 11. h4 {[%emt 0:00:30]} b5 {[%emt 0:06:30]} 12. Nxc6 {[%emt 0:08:30]} Bxc6 {[%emt 0:00:30]} 13. a3 {[%emt 0:26:30]} Qb7 {[%emt 0:15:30]} 14. Kb1 $11 {[%emt 0:13:30]} a5 {[%emt 0:03:30]} 15. Bd3 {[%emt 0:06:30]} b4 {[%emt 0:09:30]} 16. axb4 {[%emt 0:00:30]} axb4 {[%emt 0:01:30]} 17. Ne2 {[%emt 0:00:30]} e5 {[%emt 0:01:30]} 18. Nc1 {[%emt 0:06:30]} Be7 {[%emt 0:02:30]} 19. Nb3 {[%emt 0:01:30]} Bd7 {[%emt 0:03:30]} 20. Qe1 {[%emt 0:02:30]} O-O {[%emt 0:03:30]} 21. Qe2 {[%emt 0:04:30]} Ra8 {[%emt 0:04:30]} 22. g4 {[%emt 0:00:30]} Be6 {[%emt 0:01:30]} 23. Bc4 {[%emt 0:00:30]} d5 {[%emt 0:02:30]} 24. exd5 {[%emt 0:07:30]} Nxd5 {[%emt 0:00:30]} 25. Bg5 {[%emt 0:07:30]} Nc3+ {[%emt 0:17:30]} 26. bxc3 {[%emt 0:00:30]} bxc3 {[%emt 0:00:30]} 27. Qd3 {[%emt 0:08:59]} Qb4 {[%emt 0:01:30]} 28. Bxe7 {[%emt 0:00:45]} Qxe7 {[%emt 0:00:30]} 29. Bxe6 {[%emt 0:01:25]} Qb4 {[%emt 0:05:30]} 30. Qd6 {[%emt 0:10:36]} Qa4 {[%emt 0:00:30]} 31. Bxf7+ {[%emt 0:00:08]} Rxf7 {[%emt 0:00:30]} 32. Qd8+ {[%emt 0:00:10]} Rxd8 {[%emt 0:00:30]} 33. Rxd8+ {[%emt 0:00:31]} Rf8 {[%emt 0:00:30]} 34. Rxf8+ {[%emt 0:00:00]} Kxf8 {[%emt 0:00:00]} 35. Kc1 {[%emt 0:00:00]} Qf4+ {[%emt 0:00:00]} 36. Kb1 {[%emt 0:00:28]} Qxf3 {[%emt 0:00:30]} 37. Rc1 {[%emt 0:00:00]} e4 {[%emt 0:00:30]} 0-1

[Event "World Junior U20 Open 2018"]
[Site "Gebze"]
[Date "2018.09.14"]
[Round "10.59"]
[White "Kilic, Efe Mert"]
[Black "Liyanage, Ranindu Dilshan"]
[Result "0-1"]
[WhiteElo "2269"]
[BlackElo "1989"]
[Annotator "NA"]
[PlyCount "76"]
[EventDate "2018.09.05"]
[EventType "swiss"]
[EventCountry "TUR"]
[SourceTitle "playchess.com"]
[Source "ChessBase"]
[SourceQuality "1"]
[TimeControl "40/5400+30:1800+30"]

1. e4 c5 2. Nf3 d6 3. d4 cxd4 4. Nxd4 Nf6 5. Nc3 a6 6. Be3 e5 7. Nf3 Nc6 8. Bc4 Na5 9. Be2 Be6 {[%emt 0:26:30]} 10. Nd5 {[%emt 0:16:00]} Bxd5 {[%emt 0:00:30]} 11. exd5 {[%emt 0:00:30]} Qc7 {[%emt 0:05:30]} 12. b3 {[%emt 0:04:30]} e4 {[%emt 0:08:30]} 13. Ng5 {[%emt 0:02:30]} h6 {[%emt 0:00:30]} 14. Nh3 {[%emt 0:00:30]} Nxd5 {[%emt 0:01:30]} 15. Qxd5 {[%emt 0:02:30]} Qc3+ {[%emt 0:00:30]} 16. Bd2 {[%emt 0:00:30]} Qxa1+ {[%emt 0:00:30]} 17. Bd1 {[%emt 0:00:00]} Nc6 {[%emt 0:00:30]} 18. c3 {[%emt 0:00:00]} Qxa2 {[%emt 0:12:30]} 19. O-O {[%emt 0:02:30]} Be7 {[%emt 0:00:30]} 20. Nf4 {[%emt 0:00:30]} O-O {[%emt 0:05:30]} 21. Nh5 {[%emt 0:01:30]} Rfe8 {[%emt 0:06:30]} 22. Bf4 {[%emt 0:12:30]} Qa5 {[%emt 0:03:30]} 23. Qxe4 {[%emt 0:01:30]} Bg5 {[%emt 0:01:30]} 24. Qd3 {[%emt 0:00:30]} Bxf4 {[%emt 0:02:30]} 25. Nxf4 {[%emt 0:00:30]} Qe5 {[%emt 0:00:30]} 26. g3 {[%emt 0:00:30]} Qe4 {[%emt 0:05:30]} 27. Qd2 {[%emt 0:03:30]} Ne5 {[%emt 0:02:13]} 28. f3 {[%emt 0:00:30]} Qc6 {[%emt 0:00:05]} 29. Nd5 {[%emt 0:00:30]} Ng6 {[%emt 0:01:30]} 30. Bc2 {[%emt 0:00:30]} Qc5+ {[%emt 0:02:23]} 31. Kh1 {[%emt 0:00:30]} Re5 {[%emt 0:01:31]} 32. c4 {[%emt 0:00:30]} Rae8 {[%emt 0:01:18]} 33. h4 {[%emt 0:01:30]} Re2 {[%emt 0:01:59]} 34. Qc3 {[%emt 0:00:30]} Qc8 {[%emt 0:00:24]} 35. g4 {[%emt 0:00:30]} Qd8 {[%emt 0:00:47]} 36. g5 {[%emt 0:00:00]} Qc8 {[%emt 0:00:00]} 37. f4 {[%emt 0:00:00]} Qg4 {[%emt 0:01:05]} 38. Bf5 {[%emt 0:00:00]} Qg2# {[%emt 0:00:00]} 0-1

[Event "World Junior U20 Open 2018"]
[Site "Gebze"]
[Date "2018.09.14"]
[Round "10.60"]
[White "Ozsakallioglu, Okan"]
[Black "Dedebas, Emre Emin"]
[Result "0-1"]
[WhiteElo "1955"]
[BlackElo "2334"]
[Annotator "ChessBase"]
[PlyCount "68"]
[EventDate "2018.09.05"]
[EventType "swiss"]
[EventCountry "TUR"]
[SourceTitle "playchess.com"]
[Source "ChessBase"]
[SourceQuality "1"]
[TimeControl "40/5400+30:1800+30"]

1. d4 Nf6 2. Nf3 e6 3. g3 d5 4. Bg2 Be7 5. O-O O-O 6. c4 c6 7. Nc3 b6 8. Qc2 Ba6 9. Ne5 Nfd7 10. Nxd7 Nxd7 11. cxd5 cxd5 12. Bf4 Nf6 13. Qa4 Bb7 14. Rfe1 a6 15. Qb3 {[%emt 0:16:30]} Rc8 {[%emt 0:26:30]} 16. Rac1 {[%emt 0:00:30]} b5 {[%emt 0:00:30]} 17. Na4 {[%emt 0:00:30]} Qa5 {[%emt 0:07:30]} 18. Nc3 {[%emt 0:04:30]} Rc4 {[%emt 0:07:30]} 19. Rcd1 {[%emt 0:09:30]} Rfc8 {[%emt 0:02:30]} 20. e4 {[%emt 0:12:30]} Bb4 {[%emt 0:18:30]} 21. Bd2 {[%emt 0:00:30]} Nxe4 {[%emt 0:05:30]} 22. Bxe4 {[%emt 0:07:30]} dxe4 {[%emt 0:01:30]} 23. a3 {[%emt 0:00:00]} Bxc3 {[%emt 0:00:00]} 24. bxc3 {[%emt 0:00:00]} Qd8 {[%emt 0:02:00]} 25. Re3 {[%emt 0:00:30]} Qd5 {[%emt 0:00:30]} 26. Rde1 {[%emt 0:02:30]} f5 {[%emt 0:02:30]} 27. f3 {[%emt 0:00:30]} exf3 {[%emt 0:02:30]} 28. Kf2 {[%emt 0:00:00]} Re8 {[%emt 0:02:30]} 29. Re5 {[%emt 0:01:00]} Qd7 {[%emt 0:00:00]} 30. Qc2 {[%emt 0:01:30]} Qxd4+ {[%emt 0:02:00]} 31. cxd4 {[%emt 0:00:00]} Rxc2 {[%emt 0:00:30]} 32. Ke3 {[%emt 0:00:00]} Bd5 {[%emt 0:00:00]} 33. h4 {[%emt 0:00:30]} Rec8 {[%emt 0:02:00]} 34. Bb4 {[%emt 0:00:00]} R8c4 {[%emt 0:00:30]} 0-1

[Event "World Junior U20 Open 2018"]
[Site "Gebze"]
[Date "2018.09.14"]
[Round "10.61"]
[White "Karaoglan, Doruk"]
[Black "Urazayev, Arystanbek"]
[Result "0-1"]
[WhiteElo "2196"]
[BlackElo "2333"]
[Annotator "ChessBase"]
[PlyCount "56"]
[EventDate "2018.09.05"]
[EventType "swiss"]
[EventCountry "TUR"]
[SourceTitle "playchess.com"]
[Source "ChessBase"]
[SourceQuality "1"]
[TimeControl "40/5400+30:1800+30"]

1. e4 e5 2. Nf3 Nc6 3. Bc4 Bc5 4. O-O Nf6 5. d4 Bxd4 6. Nxd4 Nxd4 7. f4 d6 8. fxe5 dxe5 9. Bg5 Qe7 10. c3 Ne6 11. Bxf6 gxf6 12. Kh1 Rg8 {[%emt 0:06:00]} 13. Qh5 {[%emt 0:36:30]} Bd7 {[%emt 0:05:30]} 14. Qh4 {[%emt 0:40:30]} Nf4 {[%emt 0:06:30]} 15. Rf2 {[%emt 0:12:17]} O-O-O {[%emt 0:02:30]} 16. Na3 {[%emt 0:02:27]} h5 {[%emt 0:03:30]} 17. h3 {[%emt 0:00:54]} Bc6 {[%emt 0:03:30]} 18. Re1 {[%emt 0:00:42]} Rg5 {[%emt 0:01:30]} 19. Rc2 {[%emt 0:01:11]} f5 {[%emt 0:05:30]} 20. Qf2 {[%emt 0:01:07]} b6 {[%emt 0:05:30]} 21. Bd5 {[%emt 0:01:01]} Nxd5 {[%emt 0:04:30]} 22. exd5 {[%emt 0:00:12]} Bxd5 {[%emt 0:00:00]} 23. Qf1 {[%emt 0:00:17]} Rdg8 {[%emt 0:02:00]} 24. Ree2 {[%emt 0:01:15]} f4 {[%emt 0:00:30]} 25. c4 {[%emt 0:00:13]} Bb7 {[%emt 0:02:30]} 26. Rf2 {[%emt 0:00:50]} Rg3 {[%emt 0:02:30]} 27. Kh2 {[%emt 0:00:22]} Qh4 {[%emt 0:00:00]} 28. c5 {[%emt 0:00:57]} Rxh3+ {[%emt 0:01:00]} 0-1

[Event "World Junior U20 Open 2018"]
[Site "Gebze"]
[Date "2018.09.14"]
[Round "10.62"]
[White "Tarlabasi, Emirhan"]
[Black "Zlatin, Alexander"]
[Result "1-0"]
[WhiteElo "2193"]
[BlackElo "2312"]
[Annotator "NA"]
[PlyCount "91"]
[EventDate "2018.09.05"]
[EventType "swiss"]
[EventCountry "TUR"]
[SourceTitle "playchess.com"]
[Source "ChessBase"]
[SourceQuality "1"]
[TimeControl "40/5400+30:1800+30"]

1. d4 {[%emt 0:00:30]} Nf6 {[%emt 0:00:30]} 2. c4 {[%emt 0:00:30]} e6 {[%emt 0:00:30]} 3. Nf3 {[%emt 0:00:30]} Bb4+ {[%emt 0:00:30]} 4. Nbd2 {[%emt 0:00:00]} a5 {[%emt 0:00:00] LiveBook: 108 Partien} 5. a3 {[%emt 0:01:00] E11: Bogo-Indian} Bxd2+ {[%emt 0:01:30]} (5... Be7 6. e4 d5 7. Qc2 c5 8. cxd5 exd5 9. Bb5+ Bd7 10. Bxd7+ Qxd7 11. O-O O-O 12. e5 Nh5 {½-½ (32) Ivanchuk,V (2727)-Fedorchuk,S (2640) Mali Losinj 2017}) 6. Qxd2 {[%emt 0:01:30]} d6 {[%emt 0:06:00]} 7. e3 {[%emt 0:00:30]} b6 {[%emt 0:00:30]} 8. Be2 $146 {[%emt 0:00:30]} ({Predecessor:} 8. b3 Qe7 9. Bb2 Nbd7 10. Be2 O-O 11. O-O Bb7 12. Qc2 e5 13. Rfe1 Be4 14. Qc3 Rfe8 15. Nd2 Bf5 16. Bf3 e4 17. Be2 Bg4 18. Bf1 Nf8 19. h3 Bd7 {½-½ (50) Hofstetter,H (2176)-Zill,C GER email 2011}) 8... a4 {[%emt 0:00:30]} 9. O-O {[%emt 0:02:30]} Bb7 {[%emt 0:00:30]} 10. Qc2 {[%emt 0:03:30]} O-O {[%emt 0:01:30]} 11. b4 {[%emt 0:02:30]} axb3 {[%emt 0:00:30]} 12. Qxb3 {[%emt 0:00:30]} Qe7 {[%emt 0:00:30]} 13. Bb2 {[%emt 0:00:30]} Ne4 {[%emt 0:21:30]} 14. Qc2 {[%emt 0:21:00]} f5 {[%emt 0:00:30]} 15. Ne1 {[%emt 0:04:30]} Nd7 {[%emt 0:10:30]} 16. f3 {[%emt 0:04:30]} Nef6 {[%emt 0:00:30]} 17. a4 {[%emt 0:04:30]} Nh5 {[%emt 0:07:30]} 18. Bc3 {[%emt 0:04:30]} f4 {[%emt 0:02:30]} 19. e4 {[%emt 0:02:30]} Qh4 {[%emt 0:08:30]} 20. Nd3 {[%emt 0:03:30]} Rf6 {[%emt 0:01:30]} 21. Nf2 {[%emt 0:05:30]} Rg6 {[%emt 0:03:30]} 22. Rfb1 {[%emt 0:04:30]} d5 {[%emt 0:08:30]} 23. cxd5 {[%emt 0:04:30]} exd5 {[%emt 0:00:30]} 24. e5 {[%emt 0:01:30]} Nf8 {[%emt 0:03:30]} 25. Bd3 {[%emt 0:04:30]} Rc6 {[%emt 0:04:30]} 26. Qb3 {[%emt 0:06:30]} Qd8 {[%emt 0:00:00]} 27. Bd2 {[%emt 0:06:30]} Ne6 {[%emt 0:01:00]} 28. a5 {[%emt 0:08:46]} Nxd4 {[%emt 0:02:30]} 29. Qa4 {[%emt 0:02:17]} Ne6 {[%emt 0:00:30]} 30. a6 {[%emt 0:01:21]} Nc5 {[%emt 0:02:30]} 31. Qc2 {[%emt 0:05:25]} Nxa6 {[%emt 0:03:30]} 32. Bxh7+ {[%emt 0:02:43]} Kh8 {[%emt 0:00:30]} 33. Qf5 {[%emt 0:01:48]} Qe8 {[%emt 0:05:41]} 34. e6 {[%emt 0:00:59]} Nf6 {[%emt 0:00:03]} 35. Bg6 {[%emt 0:00:50]} Qxe6 {[%emt 0:00:30]} 36. Qxf4 {[%emt 0:00:01]} Rc4 {[%emt 0:03:47]} 37. Qg5 {[%emt 0:00:47]} Nc5 {[%emt 0:02:23]} 38. Rxa8+ {[%emt 0:01:45]} Bxa8 {[%emt 0:00:30]} 39. Re1 {[%emt 0:00:30]} Nce4 {[%emt 0:06:22]} 40. fxe4 {[%emt 0:00:47]} dxe4 {[%emt 0:00:00]} 41. Bf5 {[%emt 0:06:01]} Qd5 {[%emt 0:03:14]} 42. Be3 {[%emt 0:02:30]} c5 {[%emt 0:00:00]} 43. Ng4 {[%emt 0:01:30]} Nh7 {[%emt 0:03:00]} 44. Qh5 {[%emt 0:00:30]} Qg8 {[%emt 0:00:30]} 45. Rd1 {[%emt 0:00:30]} Rd4 {[%emt 0:01:30]} 46. Bxd4 {[%emt 0:00:30]} 1-0